DATA STRUCTURES USING C (Record no. 24974)
[ view plain ]
| 000 -LEADER | |
|---|---|
| fixed length control field | 00314nam a22001457a 4500 |
| 003 - CONTROL NUMBER IDENTIFIER | |
| control field | SGT |
| 020 ## - INTERNATIONAL STANDARD BOOK NUMBER | |
| International Standard Book Number | 9789390394500 |
| 082 ## - DEWEY DECIMAL CLASSIFICATION NUMBER | |
| Classification number | 005,MEH |
| 100 ## - MAIN ENTRY--PERSONAL NAME | |
| Personal name | MEHRA,RITIKA |
| 245 ## - TITLE STATEMENT | |
| Title | DATA STRUCTURES USING C |
| 260 ## - PUBLICATION, DISTRIBUTION, ETC. (IMPRINT) | |
| Place of publication, distribution, etc | INDIA |
| Name of publisher, distributor, etc | PEARSON |
| Year of Publication | 2022 |
| 300 ## - PAGE DESCRIPTION | |
| No. of Pages | 10.21 |
| 650 ## - SUBJECT ADDED ENTRY--TOPICAL TERM | |
| Topical term or geographic name as entry element | COMPUTER SCIENCE |
| 942 ## - ADDED ENTRY ELEMENTS (KOHA) | |
| Source of classification or shelving scheme | Dewey Decimal Classification |
| Koha item type | Books |
| 942 ## - ADDED ENTRY ELEMENTS (KOHA) | |
| -- | 34 |
| Withdrawn status | Lost status | Source of classification or shelving scheme | Damaged status | Use restrictions | Not for loan | Collection code | Home library | Current library | Shelving location | Date acquired | Vendor Name | Cost, normal purchase price | SGTU | Bill Number | Full call number | Accession No. (Barcode) | Date last seen | Bill Date | Koha item type | Total Checkouts | Total Renewals | Date last borrowed |
|---|---|---|---|---|---|---|---|---|---|---|---|---|---|---|---|---|---|---|---|---|---|---|
| Dewey Decimal Classification | Restricted Access | ENGINEERING | SGT Engineering Library | SGT Engineering Library | Reference Book | 05/09/2023 | AHUJA BOOK COMPANY | 580.00 | SGTU | 16906 | 005,MEH | FE8657 | 05/09/2023 | 16/06/2023 | Books | |||||||
| Dewey Decimal Classification | ENGINEERING | SGT Engineering Library | SGT Engineering Library | Text Book | 05/09/2023 | AHUJA BOOK COMPANY | 580.00 | SGTU | 16906 | 005,MEH | FE8658 | 15/01/2026 | 16/06/2023 | Books | 11 | 1 | 15/01/2026 | |||||
| Dewey Decimal Classification | ENGINEERING | SGT Engineering Library | SGT Engineering Library | Text Book | 05/09/2023 | AHUJA BOOK COMPANY | 580.00 | SGTU | 16906 | 005,MEH | FE8659 | 27/11/2024 | 16/06/2023 | Books | 14 | 4 | 21/11/2024 | |||||
| Dewey Decimal Classification | ENGINEERING | SGT Engineering Library | SGT Engineering Library | Text Book | 05/09/2023 | AHUJA BOOK COMPANY | 580.00 | SGTU | 16906 | 005,MEH | FE8660 | 14/10/2025 | 16/06/2023 | Books | 8 | 07/10/2025 | ||||||
| Dewey Decimal Classification | ENGINEERING | SGT Engineering Library | SGT Engineering Library | Text Book | 05/09/2023 | AHUJA BOOK COMPANY | 580.00 | SGTU | 16906 | 005,MEH | FE8661 | 07/11/2024 | 16/06/2023 | Books | 8 | 07/11/2024 |